• 首页
  • 本馆介绍
  • 公告通知
  • 最新文献
  • 馆藏检索
  • 电子资源
  • 读者导购
  • 参考咨询
  • 我的图书馆
  • 登录
  • 详细信息显示
  • 放入我的书架
  • 预约/预借图书
  • 作者相关作品
  • 分类相关作品
  • 丛书相关作品
  • 出版社相关作品

书目信息

  • 表格格式
  • 工作单格式
  • 卡片格式
题名:
车尔尼钢琴快速练习曲
    
 
作者: 车尔尼
分册: 作品299  
出版信息: 北京   人民音乐出版社  1978
页数: 101页
开本: 26cm
丛书名:
单 册:
中图分类: J647.41
科图分类:
主题词: 音乐--作品--中国
电子资源:
ISBN:
000 00597nam0 2200217 450
001 0635587030
005 20060804152906.37
010    @dCNY2.00
091    @a8026.3324
100    @a20060417d1978 km y0chiy0120 ea
101 0  @achi
102    @aCN@b110000
102    @aCN@b110000
200 1  @a车尔尼钢琴快速练习曲@Ache er ni gang qin kuai su lian xi qu@h作品299@fK.车尔尼@FK.che er ni
210    @a北京@c人民音乐出版社@d1978
215    @a101页@d26cm
606 0  @a音乐@x作品@x中国
690    @aJ647.41@v3
701  0 @a车尔尼@Ache er ni
801  0 @aCN@bPFT@c20060804
905    @a10447@dJ647.41@e1
    
    车尔尼钢琴快速练习曲.作品299/K.车尔尼.-北京:人民音乐出版社,1978
    101页;26cm
    
    
    ISBN :CNY2.00
    
●
相关链接 在E读中查询图书 在五车中查询图书 在当当中查询图书 在豆瓣中查询图书


正题名:车尔尼钢琴快速练习曲     索取号:J647.41/1         预约/预借

序号 登录号 条形码 馆藏地/架位号 状态 备注
1 0002037   202209234   密集书库/ [索取号:J647.41/1] 在馆    
2 0002042   202186909   密集书库/ [索取号:J647.41/1] 在馆    
3 0444601   204446019   密集书库/ [索取号:J647.41/1] 在馆    
唐山师范学院图书馆 欢迎您!
大连网信软件有限公司© 版权所有